The Lazy Song Lyrics - Statistics

General Stats
  • This quiz has been taken 116 times
  • The average score is 35 of 46
Answer Stats
Answer % Correct
'Cause today I swear I'm not doing {anything}
100%
'Cause today I swear I'm not doing {anything}
100%
'Cause today I swear I'm not doing {anything}
100%
'Cause today I swear I'm not doing {anything}
100%
Oh, today I don't feel like doing {anything}
100%
Today I don't feel like doing {anything}
100%
Today I don't feel like doing {anything}
100%
Today I don't feel like doing {anything}
100%
I just wanna {lay} in my bed
97%
I just wanna {lay} in my bed
97%
I just wanna {lay} in my bed
97%
I just wanna {lay} in my bed
97%
Don't feel like {picking} {up} my phone
90%
Don't feel like {picking} {up} my phone
90%
Don't feel like {picking} {up} my phone
90%
Don't feel like {picking} {up} my phone
90%
so leave a message at the {tone}
89%
so leave a message at the {tone}
89%
so leave a message at the {tone}
89%
so leave a message at the {tone}
89%
Meet a really nice {girl}, have some really nice sex
81%
I might mess around and get my college {degree}
78%
{No}, {no}, {no}, {no}, {no}, {no}, {no}, {no}, {no}, oh
76%
Oh Yes! I {said} {it}, I {said} {it}, I {said} {it} 'cause I can
76%
Oh Yes! I {said} {it}, I {said} {it}, I {said} {it} 'cause I can
76%
I'm gonna kick my feet up, then {stare} at the fan
73%
Nobody's gon' tell me {I} {can't}, no!
71%
'Cause I ain't going {anywhere}
70%
{Yeah}, {yeah}, {yeah}, {yeah}, {yeah}, {yeah}, {yeah}, {yeah}, {yeah}, {yeah}
65%
And she's gonna scream out "{This} {is} {great}"
64%
I'll be lounging on the {couch}, just chilling in my Snuggie
64%
(Oh my god, {this} {is} {great}) Yeah!
64%
{Nothing} {at} {all}
63%
{Nothing} {at} {all}
63%
{Nothing} {at} {all}
63%
{Nothing} {at} {all}
63%
{Nothing} {at} {all}
63%
I'll just strut in my {birthday} {suit}
52%
No, I ain't gonna {comb} my hair
51%
Tomorrow I'll {wake} {up}, do some P90X
49%
Click to MTV, so they can teach me how to {dougie}
47%
But sorry {pops}, you'll just have to wait
45%
'Cause in my {castle} I'm the freaking man
45%
I bet my {old} {man} will be so proud of me
44%
And let everything {hang} {loose}
43%
Turn the TV on, {throw} {my} {hand} in my pants
38%
No matching quizzes found
Score Distribution
Percent of People with Each Score
Percentile by Number Answered
Your Score History
You have not taken this quiz